000 00482nam a2200193Ia 4500
005 20250423100832.0
008 250422s9999 xx 000 0 und d
020 _a9788131262115
050 _aRB 111 .K86/
100 _aKumar, Vinay... [et al.].
245 0 _aRobbins and Cotran pathologic basis of disease [vol.II]
250 _a10th ed.
260 _aUnited Kingdom
260 _bElsevier
260 _c2021
300 _a672 p
650 _aPathology.
942 _cBK
999 _c34482
_d34482